Reprezentacja Polski U-20 na MŚ 2019 - Statystyki

Ogólne statystyki
  • Ten quiz został rozwiązany 169 razy
  • Średni wynik to 8 z 21
Statystyki odpowiedzi
Pozycja Klub Zawodnik % Poprawnych
Bramkarz Legia Warszawa Radosław Majecki
91%
Pomocnik FC Bayern Monachium Marcel Zylla
70%
Obrońca Pogoń Szczecin Sebastian Walukiewicz
63%
Pomocnik Leeds United Mateusz Bogusz
52%
Pomocnik GKS Katowice Tymoteusz Puchacz
47%
Obrońca ŁKS Łódź Jan Sobociński
43%
Pomocnik Lechia Gdańsk Tomasz Makowski
43%
Pomocnik AS Roma Nicola Zalewski
41%
Napastnik Pogoń Szczecin Adrian Benedyczak
38%
Pomocnik VfB Stuttgart David Kopacz
37%
Napastnik 1. FC Nürnberg Dominik Steczyk
35%
Obrońca FC St. Pauli Jakub Bednarczyk
35%
Pomocnik Zagłębie Lubin Bartosz Slisz
34%
Pomocnik Bayer 04 Leverkusen Adrian Stanilewicz
29%
Bramkarz NAC Breda Karol Niemczycki
28%
Bramkarz Puszcza Niepołomice Miłosz Mleczko
24%
Obrońca Odra Opole Serafin Szota
24%
Pomocnik Bruk-Bet Termalica Nieciecza Michał Skóraś
23%
Obrońca Górnik Zabrze Adrian Gryszkiewicz
22%
Obrońca Werder Brema Maik Nawrocki
18%
Pomocnik GKS Katowice Adrian Łyszczarz
13%
Nie znaleziono quizów pasujących do podanych kryteriów
Rozkład punktacji
Procent ludzi z każdym wynikiem
Percentyl według liczby udzielonych odpowiedzi
Twoja historia wyników
Nie rozwiązałeś tego quizu